000 00500nam a2200145 a 4500
001 000047595
005 20201002060628.0
008 180704s2017 dr 000 spa d
020 _a9789945168563
040 _aDO-SdBNP
_bspa
_cBNPHU
245 0 _aEstado de las migraciones que atañen a la República Dominicana 2016.
260 _aSanto Domingo :
_bCentro para la Observación Migraciones y el desarrollo Social en el Caribe,
_c2017.
300 _a302 p. ;
_c28 cm.
590 _aInventariado,2018/DG
999 _c47083
_d47083